000
00352nam a2200157Ia 4500
005
20250423100915.0
008
250422s9999 xx 000 0 und d
020
_a
0- 671- 52310- 4
050
_a
PS3561.R44S46
100
_a
Jayne Ann Krentz
245
0
_a
Sharp Edges
260
_b
Pocket books
260
_c
1998
300
_a
320 p
942
_c
BK
999
_c
34706
_d
34706